The Grass is Singing / (Record no. 329182)
[ view plain ]
| 000 -LEADER | |
|---|---|
| fixed length control field | 00947cam a2200241 a 4500 |
| 001 - CONTROL NUMBER | |
| control field | 3576723 |
| 003 - CONTROL NUMBER IDENTIFIER | |
| control field | Nust |
| 005 - DATE AND TIME OF LATEST TRANSACTION | |
| control field | 20170426111333.0 |
| 008 - FIXED-LENGTH DATA ELEMENTS--GENERAL INFORMATION | |
| fixed length control field | 990604r20001950nyu 000 1 eng |
| 010 ## - LIBRARY OF CONGRESS CONTROL NUMBER | |
| LC control number | 99035316 |
| 020 ## - INTERNATIONAL STANDARD BOOK NUMBER | |
| International Standard Book Number | 0060953462 (pbk.) |
| 040 ## - CATALOGING SOURCE | |
| Original cataloging agency | DLC |
| Transcribing agency | DLC |
| Modifying agency | DLC |
| 050 00 - LIBRARY OF CONGRESS CALL NUMBER | |
| Classification number | PR6023.E833 |
| Item number | G7 2000 |
| 082 00 - DEWEY DECIMAL CLASSIFICATION NUMBER | |
| Classification number | 923.914 LES |
| Edition number | 21 |
| 100 1# - MAIN ENTRY--PERSONAL NAME | |
| Personal name | Lessing, Doris, |
| Dates associated with a name | 1919-2013. |
| 245 14 - TITLE STATEMENT | |
| Title | The Grass is Singing / |
| Statement of responsibility, etc. | Doris Lessing. |
| 250 ## - EDITION STATEMENT | |
| Edition statement | 1st Perennial Classics ed. |
| 260 ## - PUBLICATION, DISTRIBUTION, ETC. | |
| Place of publication, distribution, etc. | New York : |
| Name of publisher, distributor, etc. | Perennial Classics, |
| Date of publication, distribution, etc. | 2000, c1950. |
| 300 ## - PHYSICAL DESCRIPTION | |
| Extent | 243 p. ; |
| Dimensions | 21 cm. |
| 856 42 - ELECTRONIC LOCATION AND ACCESS | |
| Materials specified | Publisher description |
| Uniform Resource Identifier | <a href="http://www.loc.gov/catdir/description/hc043/99035316.html">http://www.loc.gov/catdir/description/hc043/99035316.html</a> |
| 906 ## - LOCAL DATA ELEMENT F, LDF (RLIN) | |
| a | 7 |
| b | cbc |
| c | orignew |
| d | 1 |
| e | ocip |
| f | 19 |
| g | y-gencatlg |
| 942 ## - ADDED ENTRY ELEMENTS (KOHA) | |
| Source of classification or shelving scheme | |
| Koha item type | Book |
| Withdrawn status | Lost status | Source of classification or shelving scheme | Damaged status | Not for loan | Permanent Location | Current Location | Date acquired | Total Checkouts | Full call number | Barcode | Date last seen | Price effective from | Koha item type |
|---|---|---|---|---|---|---|---|---|---|---|---|---|---|
| School of Civil and Environmental Engineering (SCEE) | School of Civil and Environmental Engineering (SCEE) | 04/26/2017 | 923.914 LES | NIT-8482 | 04/26/2017 | 04/26/2017 | Book |
